Rákóczi és Károlyi. {Rákóczi si Károlyi}. [Rákóczi and Károlyi]

Elmentve itt :
Bibliográfiai részletek
Szerző: KOVÁCS Ágnes
Adatforrás:Meister
Forrásdokumentuma:Korunk. -
2003. 12, 4-11.
Nyelv:magyar
Kulcsszavak:kisebbségtörténet
politikatörténet
Rákóczi-szabadságharc
szatmári béke, 1711
RÁKÓCZI, Ferenc II.
KÁROLYI, Sándor
BÁNKUTI, Imre
Erdélyi Fejedelemség
Erdély
istoria nationalitatilor
istoria politicii
pacea de la Satu-Mare, 1711
Principatul Transilvaniei
Transilvania
history of minorities
history of politics
LEADER 00907nab a2200301 i 4500
001 bibPRO00012003
008 080908s2003 xx hun
040 |a Sz1 
041 |a hun 
100 1 |a KOVÁCS Ágnes 
245 1 0 |a Rákóczi és Károlyi. {Rákóczi si Károlyi}. [Rákóczi and Károlyi]  |c KOVÁCS Ágnes 
695 |a kisebbségtörténet 
695 |a politikatörténet 
695 |a Rákóczi-szabadságharc 
695 |a szatmári béke, 1711 
695 |a RÁKÓCZI, Ferenc II. 
695 |a KÁROLYI, Sándor 
695 |a BÁNKUTI, Imre 
695 |a Erdélyi Fejedelemség 
695 |a Erdély 
695 |a istoria nationalitatilor 
695 |a istoria politicii 
695 |a pacea de la Satu-Mare, 1711 
695 |a Principatul Transilvaniei 
695 |a Transilvania 
695 |a history of minorities 
695 |a history of politics 
773 0 |t Korunk. -  |g 2003. 12, 4-11.